000 00432nam a2200157Ia 4500
008 210210b1972 xxu||||| |||| 00| 0 eng d
020 _a85520 009 X
082 _a330.15 NAPE
100 _aNAPOLEONI (Claudio).
245 _aEconomic thought of the twentieth century.
260 _aGreat Britain.
_bMartin Robertson.
_c1972
300 _a170
650 _aModern economic thought.
690 _aEconomic Thought
906 _a031623
999 _c82797
_d82797